| 000 | 01286cam a2200337 a 4500 | ||
|---|---|---|---|
| 001 | 3315190 | ||
| 003 | ARRUPE | ||
| 005 | 20161215083931.0 | ||
| 008 | 841031s1985 mauacf b 001 0 eng | ||
| 010 | _a 84024516 | ||
| 020 | _a0674154207 (alk. paper) | ||
| 040 |
_aDLC _cDLC _dDLC |
||
| 041 | 1 | _aengger | |
| 050 | 0 | 0 |
_aBF173.F85 _bA4 1985 |
| 082 | 0 | 0 |
_a150.19/52 _219 |
| 100 | 1 |
_aFreud, Sigmund, _d1856-1939. _928068 |
|
| 240 | 1 | 0 |
_aCorrespondence. _kSelections. _lEnglish |
| 245 | 1 | 4 |
_aThe complete letters of Sigmund Freud to Wilhelm Fliess, 1887-1904 / _ctranslated and edited by Jeffrey Moussaieff Masson. |
| 260 |
_aCambridge, Mass. : _bBelknap Press of Harvard University Press, _c1985. |
||
| 300 |
_axv, 505 p., [20] p. of plates : _bill., ports. ; _c24 cm. |
||
| 500 | _aIncludes index. | ||
| 504 | _aBibliography: p. [483]-492. | ||
| 600 | 1 | 0 |
_aFreud, Sigmund, _d1856-1939 _xCorrespondence. _928069 |
| 600 | 1 | 0 |
_aFliess, Wilhelm, _d1858-1928 _xCorrespondence. _928070 |
| 650 | 0 |
_aPsychoanalysts _xCorrespondence. _928071 |
|
| 650 | 0 |
_aPsychoanalysis. _928072 |
|
| 700 | 1 |
_aMasson, J. Moussaieff _q(Jeffrey Moussaieff), _d1941- _928073 |
|
| 700 | 1 |
_aFliess, Wilhelm, _d1858-1928. _928074 |
|
| 906 |
_a7 _bcbc _corignew _d1 _eocip _f19 _gy-gencatlg |
||
| 942 |
_2lcc _cMONOGRAPH |
||
| 999 |
_c125903 _d125903 |
||